<?xml version="1.0" encoding="UTF-8"?>
<record
    xmlns:xsi="http://www.w3.org/2001/XMLSchema-instance"
    xsi:schemaLocation="http://www.loc.gov/MARC21/slim http://www.loc.gov/standards/marcxml/schema/MARC21slim.xsd"
    xmlns="http://www.loc.gov/MARC21/slim">

  <leader>01279nam a22002657a 4500</leader>
  <controlfield tag="003">MN-UlLSGH</controlfield>
  <controlfield tag="005">20260625152856.0</controlfield>
  <controlfield tag="008">260625b        mp ||||| vl|| 00| 0 mon d</controlfield>
  <datafield tag="020" ind1=" " ind2=" ">
    <subfield code="a">978-991902419-2</subfield>
  </datafield>
  <datafield tag="040" ind1=" " ind2=" ">
    <subfield code="c">MN-ULPAL </subfield>
  </datafield>
  <datafield tag="084" ind1=" " ind2=" ">
    <subfield code="a">67.408 </subfield>
    <subfield code="b">&#x42D;807</subfield>
  </datafield>
  <datafield tag="100" ind1="0" ind2=" ">
    <subfield code="a">&#x42D;&#x440;&#x434;&#x44D;&#x43D;&#x44D;&#x431;&#x443;&#x43B;&#x433;&#x430;&#x43D;, &#x416;.</subfield>
    <subfield code="e">&#x437;&#x43E;&#x445;&#x438;&#x43E;&#x433;&#x447; </subfield>
    <subfield code="9">7475</subfield>
  </datafield>
  <datafield tag="245" ind1="1" ind2=" ">
    <subfield code="a">&#x42D;&#x440;&#x4AF;&#x4AF;&#x433;&#x438;&#x439;&#x43D; &#x44D;&#x440;&#x445; &#x437;&#x4AF;&#x439;&#x43D; &#x431;&#x43E;&#x434;&#x43B;&#x43E;&#x433;&#x43E;, &#x442;&#x43E;&#x445;&#x438;&#x43E;&#x43B;&#x434;&#x43E;&#x43B;, &#x445;&#x443;&#x443;&#x43B;&#x44C; &#x445;&#x44D;&#x440;&#x44D;&#x433;&#x43B;&#x44D;&#x44D; / </subfield>
  </datafield>
  <datafield tag="260" ind1=" " ind2=" ">
    <subfield code="a">&#x423;&#x43B;&#x430;&#x430;&#x43D;&#x431;&#x430;&#x430;&#x442;&#x430;&#x440; </subfield>
    <subfield code="b">&#x425;&#x4E9;&#x445; &#x441;&#x443;&#x434;&#x430;&#x440; &#x43F;&#x440;&#x438;&#x43D;&#x442;&#x438;&#x43D;&#x433;</subfield>
    <subfield code="c">2024</subfield>
  </datafield>
  <datafield tag="300" ind1=" " ind2=" ">
    <subfield code="a">277 &#x445;&#x443;&#x443;&#x434;&#x430;&#x441;&#x442;&#x430;&#x439; </subfield>
    <subfield code="c">21 &#x441;&#x43C; </subfield>
  </datafield>
  <datafield tag="336" ind1=" " ind2=" ">
    <subfield code="2">rdacontent</subfield>
    <subfield code="a">text</subfield>
    <subfield code="b">txt</subfield>
  </datafield>
  <datafield tag="337" ind1=" " ind2=" ">
    <subfield code="a">rdamedia</subfield>
    <subfield code="b">unmediated</subfield>
  </datafield>
  <datafield tag="338" ind1=" " ind2=" ">
    <subfield code="a">volume</subfield>
    <subfield code="b">rdacarrier</subfield>
  </datafield>
  <datafield tag="520" ind1=" " ind2=" ">
    <subfield code="a">&#x423;&#x433; &#x431;&#x4AF;&#x442;&#x44D;&#x44D;&#x43B;&#x438;&#x439;&#x433;  &#x448;&#x4AF;&#x4AF;&#x445;&#x44D;&#x44D;&#x440; &#x448;&#x438;&#x439;&#x434;&#x432;&#x44D;&#x440;&#x43B;&#x44D;&#x441;&#x44D;&#x43D; &#x44D;&#x440;&#x4AF;&#x4AF;&#x433;&#x438;&#x439;&#x43D; &#x431;&#x43E;&#x434;&#x438;&#x442; &#x445;&#x44D;&#x440;&#x433;&#x4AF;&#x4AF;&#x434;&#x44D;&#x44D;&#x441;  &#x442;&#x4AF;&#x4AF;&#x432;&#x44D;&#x440;&#x43B;&#x44D;&#x43D; &#x43E;&#x434;&#x43E;&#x43E;  &#x441;&#x443;&#x440;&#x433;&#x430;&#x43B;&#x442;&#x430;&#x434; &#x445;&#x44D;&#x440;&#x44D;&#x433;&#x43B;&#x44D;&#x436; &#x431;&#x430;&#x439;&#x433;&#x430;&#x430; &#x431;&#x43E;&#x434;&#x43B;&#x43E;&#x433;&#x43E; &#x431;&#x43E;&#x434;&#x43E;&#x445; &#x43D;&#x438;&#x439;&#x442;&#x43B;&#x44D;&#x433; &#x430;&#x440;&#x433;&#x430;&#x447;&#x43B;&#x430;&#x43B;&#x434; &#x442;&#x443;&#x43B;&#x433;&#x443;&#x443;&#x440;&#x43B;&#x430;&#x43D; &#x431;&#x43E;&#x43B;&#x43E;&#x432;&#x441;&#x440;&#x443;&#x443;&#x43B;&#x436;&#x44D;&#x44D;. </subfield>
  </datafield>
  <datafield tag="650" ind1=" " ind2="4">
    <subfield code="a">&#x44D;&#x440;&#x4AF;&#x4AF;&#x433;&#x438;&#x439;&#x43D; &#x44D;&#x440;&#x445; &#x437;&#x4AF;&#x439; </subfield>
    <subfield code="z">&#x41C;&#x43E;&#x43D;&#x433;&#x43E;&#x43B; </subfield>
  </datafield>
  <datafield tag="700" ind1="0" ind2=" ">
    <subfield code="a">&#x411;&#x430;&#x442;&#x433;&#x44D;&#x440;&#x44D;&#x43B;, &#x421;. </subfield>
    <subfield code="e">&#x437;&#x43E;&#x445;&#x438;&#x43E;&#x433;&#x447; </subfield>
    <subfield code="9">16400</subfield>
  </datafield>
  <datafield tag="700" ind1="0" ind2=" ">
    <subfield code="a">&#x413;&#x430;&#x43B;&#x431;&#x430;&#x434;&#x430;&#x440;, &#x41B;.</subfield>
    <subfield code="e">&#x437;&#x43E;&#x445;&#x438;&#x43E;&#x433;&#x447; </subfield>
    <subfield code="9">16401</subfield>
  </datafield>
  <datafield tag="700" ind1="0" ind2=" ">
    <subfield code="a">&#x41C;&#x4E9;&#x43D;&#x445;&#x431;&#x430;&#x430;&#x442;&#x430;&#x440;, &#x41C;. </subfield>
    <subfield code="e">&#x437;&#x43E;&#x445;&#x438;&#x43E;&#x433;&#x447; </subfield>
    <subfield code="9">16402</subfield>
  </datafield>
  <datafield tag="942" ind1=" " ind2=" ">
    <subfield code="2">&#x411;&#x411;&#x41A;</subfield>
    <subfield code="c">BK</subfield>
    <subfield code="n">0</subfield>
  </datafield>
  <datafield tag="999" ind1=" " ind2=" ">
    <subfield code="c">32437</subfield>
    <subfield code="d">32437</subfield>
  </datafield>
  <datafield tag="952" ind1=" " ind2=" ">
    <subfield code="0">0</subfield>
    <subfield code="1">0</subfield>
    <subfield code="2">&#x411;&#x411;&#x41A;</subfield>
    <subfield code="4">0</subfield>
    <subfield code="7">0</subfield>
    <subfield code="a">FOND</subfield>
    <subfield code="b">FOND</subfield>
    <subfield code="d">2026-06-25</subfield>
    <subfield code="g">40000.00</subfield>
    <subfield code="i">25232</subfield>
    <subfield code="l">0</subfield>
    <subfield code="o">67.408 &#x42D;807</subfield>
    <subfield code="p">40416</subfield>
    <subfield code="r">2026-06-25 15:31:27</subfield>
    <subfield code="w">2026-06-25</subfield>
    <subfield code="y">BK</subfield>
  </datafield>
  <datafield tag="952" ind1=" " ind2=" ">
    <subfield code="0">0</subfield>
    <subfield code="1">0</subfield>
    <subfield code="2">&#x411;&#x411;&#x41A;</subfield>
    <subfield code="4">0</subfield>
    <subfield code="7">0</subfield>
    <subfield code="a">FOND</subfield>
    <subfield code="b">FOND</subfield>
    <subfield code="d">2026-06-25</subfield>
    <subfield code="g">40000.00</subfield>
    <subfield code="i">25233</subfield>
    <subfield code="l">0</subfield>
    <subfield code="o">67.408 &#x42D;807</subfield>
    <subfield code="p">40417</subfield>
    <subfield code="r">2026-06-25 15:31:00</subfield>
    <subfield code="w">2026-06-25</subfield>
    <subfield code="y">BK</subfield>
  </datafield>
  <datafield tag="952" ind1=" " ind2=" ">
    <subfield code="0">0</subfield>
    <subfield code="1">0</subfield>
    <subfield code="2">&#x411;&#x411;&#x41A;</subfield>
    <subfield code="4">0</subfield>
    <subfield code="7">0</subfield>
    <subfield code="a">Branch</subfield>
    <subfield code="b">Branch</subfield>
    <subfield code="d">2026-06-25</subfield>
    <subfield code="g">40000.00</subfield>
    <subfield code="i">25234</subfield>
    <subfield code="l">0</subfield>
    <subfield code="o">67.408 &#x42D;807</subfield>
    <subfield code="p">40418</subfield>
    <subfield code="r">2026-06-25 15:31:00</subfield>
    <subfield code="w">2026-06-25</subfield>
    <subfield code="y">BK</subfield>
  </datafield>
</record>
